| 000 | 00513 a2200133 4500 | ||
|---|---|---|---|
| 082 | _aMIT-5 | ||
| 100 |
_aMaruf Pasha _999044 |
||
| 245 |
_aSystem Architecture for Interoperability between OWL and FIPA ACL _cMaruf Pasha |
||
| 260 |
_aIsalamabad, _bNUST School of Electrical Engineering & Computer Science, _c2006. |
||
| 300 |
_a59 p. : _bill. ; _c27 cm. |
||
| 500 | _aSupervisors : Dr. Hafiz Farooq Ahmad, Dr. Arshad Ali. | ||
| 856 | _uhttp://10.250.8.41:8080/xmlui/handle/123456789/30219 | ||
| 942 |
_cPR _kMIT-5 MAR _2ddc |
||
| 999 |
_c9235 _d9235 |
||